| 000 | 00630nam a22002297a 4500 | ||
|---|---|---|---|
| 003 | UA-OsUOA | ||
| 001 | 94280 | ||
| 007 | ta | ||
| 008 | 20130206b un ||||| |||| 00| 0 ukr d | ||
| 100 | _aГонимов И. | ||
| 090 |
_a821.161.1 _bГ65 |
||
| 942 | _cBK | ||
| 040 |
_aUA-OsUOA _brus _cUA-OsUOA _dUA-OsUOA |
||
| 245 |
_aШахтарчук _bповесть |
||
| 300 | _a413 с. | ||
| 955 | _a3 | ||
| 041 | _arus | ||
| 080 | _a821.161.1 | ||
| 260 |
_bСталинское обласное издательство _c1954 |
||
| 650 | 7 |
_a82 Література. Літературознавство _2UDC |
|
| 999 |
_c380534 _d380534 |
||